00915nam a2200253 i 450000100060000000300090000600500170001500700030003200800410003502000180007608000230009410000270011724501270014425000270027126000310029830000220032949000310035170000400038270000280042283000390045085200330048999900170052295201220053973369ES-MaACL20260201184400.0t|041005s2004 sp ||||1| spa d a84-7506-659-3 a821.111(73)-31"19"1 aO'Brien, Darcy.98628113aUn estilo de vida como cualquier otro / cDarcy O'Brien ; introducción de Seamus Heaney ; traducción de Jaime Zulaika. a1ª ed. en castellano. aMadrid : bTurner, c2004. a222 p. ; c25 cm.1 aLiteratura y memoria ; v21 aHeaney, Seamus, d1939-201391661731 aZulaika, Jaime.91184470 aLiteratura y memoria ; v29231163 aES-MaACLjL-28167 bR.134110 c73369d73369 00104070aATENEOMbATENEOMcDEPO2d2008-01-17eSCl0oL-28167p1076800r2023-02-23 00:00:00w2023-02-23yMONOGRAFIA